Beabadoobee - Coming Home - Statistics

General Stats
  • This quiz has been taken 104 times
  • The average score is 144 of 178
Answer Stats
Answer % Correct
You
100%
you
100%
A
98%
a
98%
dishes,
98%
dishes
98%
do
98%
I
98%
the
98%
The
98%
carry
96%
I'll
96%
I'm
96%
time
96%
To
96%
to
96%
up
96%
An
93%
make
93%
and
91%
And
91%
lost
91%
trash
91%
trash,
91%
coming
89%
home
89%
late
89%
so
89%
So
89%
sorry
89%
what
89%
always
87%
this
87%
be
85%
it
85%
know
85%
load
85%
too
85%
But
83%
just
83%
say
83%
won't
83%
scared
80%
of
78%
on
78%
promise,
78%
with
78%
away
74%
if
74%
we
74%
brim
72%
only
72%
waking
70%
me
67%
sunlight
67%
anything
65%
Because
65%
blinds
65%
'Cause
65%
have
65%
means
65%
my
63%
soon
63%
gap
61%
miles
61%
watch
61%
Not
59%
not
59%
Peeking
59%
plane
59%
room
59%
hotel
57%
slowly
57%
wake
57%
far
54%
American
52%
I'd
52%
seat
52%
sit
52%
that
52%
we're
52%
feel
48%
state
48%
bar
46%
good
46%
leave
46%
never
46%
way
46%
would
46%
makes
43%
said
43%
we'll
43%
guess
41%
like
41%
emptied
39%
shows
37%
you'd
37%
roof's
22%
No matching quizzes found
Score Distribution
Percent of People with Each Score
Percentile by Number Answered
Your Score History
You have not taken this quiz